Normal view MARC view
  • Martin, Michaela

Entry Nombre Personal

Number of records used in: 9

001 - NUMERO DE CONTROL

  • campo de control: 29674

003 - IDENTIFICADOR DE NUMERO DE CONTROL

  • campo de control: DLC

005 - FECHA Y HORA DE LA ÜLTIMA TRANSACCIÓN

  • campo de control: 20230926123503.0

008 - DATOS DE LONGITUD FIJA

  • campo de control de longitud fija: 990225n| acannaab| |n aaa c

010 ## - NÚMERO DE CONTROL DE LA BIBLIOTECA DEL CONGRESO

  • Número de control LC: no 99013568

035 ## - NUMERO DE CONTROL

  • Número de control: (OCoLC)oca04929187

040 ## - FUENTE DE CATALOGACIÓN

  • Agencia original de catalogación: DJBF
  • Lenguaje de catalogación: spa
  • Agencia de transcripción: DJBF
  • Agencia que lo modifica: MX-MxUPN

100 1# - ENCABEZAMIENTO - NOMBRE PERSONAL

  • Nombre personal: Martin, Michaela

670 ## - FUENTE EN LA QUE SE LOCALIZARON DATOS

  • Cita de la fuente: Management of higher education with special reference to financial management in African countries, 1998:
  • Información localizada: portada (Michaela Martin)

670 ## - FUENTE EN LA QUE SE LOCALIZARON DATOS

  • Cita de la fuente: The role of the university in initial teacher training : trends, current problems and strategies for improvement, 1999:
  • Información localizada: portada (Michaela Martin)

902 ## - CATALOGADOR

  • Catalogador: Víctor Ruiz/260923